LEADER 01295nam a2200325 u 4500 001 000000092539 003 CaOOAMICUS 005 20070226124941.0 008 060623s2006 it u000 u ita u 020 $a8860300266 035 $a11093745 040 $aPUL$bita 041 1 $aita$heng 100 1 $aDummett, Michael.$0(OLS)http://pul/name/53100 240 10$aTruth and the Past.$lItaliano.$0(OLS)http://pul/title/119420 245 10$aVerità e passato /$cMichael Dummett ; edizione italiana a cura di Elisa Paganini. 260 $a[Milano] :$bR. Cortina,$c2006. 300 $axxviii, 136 p. ;$c22 cm 490 1 $aSaggi ;$v42 500 $aInclude indice. 504 $aBibliografia in nota. 650 4$aTempo (filosofia).$0(OLS)http://pul/subject/8504 700 1 $aPaganini, Elisa.$0(OLS)http://pul/name/52638 830 0$aSaggi (Cortina) ;$v42.$0(OLS)http://pul/title/106307 850 $aPUL 852 $aPUL$W1$xSL Cons. Gen., Altre Classi 3$y75$m940. 53 DUMMI 1$j116384$nBK-PRI$b $qDDC 21$B116384$CPULBib$Z2$F116384 $HPUL101872 $81 941 1 $a9 996 $6020$a8860300266$9(OLS)http://pul/number/121598 996 $6245$aVerità e passato$9(OLS)http://pul/title/119421 996 $6260$a[Milano] :$bR. Cortina$9(OLS)http://pul/publisher/55302 LEADER 00962nam a2200253 u 4500 001 000000087883 003 CaOOAMICUS 005 20070226124444.0 008 051021s1950 it u000 u ita u 035 $a11065091 040 $aPUL(R)$bita 100 1 $aSiri, Giuseppe,$ccard.,$d1906-1989.$0(OLS)http://pul/name/2870 245 10$aCorso di teologia dogmatica /$cGiuseppe Siri. 250 $a2. ed. 260 $aRoma :$bStudium,$c1950. 300 $av. <2- > ;$c22 cm 500 $av. 2. La chiesa, la rivelazione trasmessa. 504 $aInclude riferimenti bibliografici. 650 4$aTeologia dogmatica.$0(OLS)http://pul/subject/663 850 $aPUL 852 $aPUL$W1$xDP1 Fondo Pastorale$y55$mP2 D 63$j111375$nBK-PRI$b $qFondi$B111375$CPULBib$Z2$F111375 $HPUL2583 $81 941 1 $a1 996 $6245$aCorso di teologia dogmatica$9(OLS)http://pul/title/113648 996 $6260$aRoma :$bStudium$9(OLS)http://pul/publisher/47892